[Event "Berlin Lichtenrade op 15th"]
[Site "Berlin"]
[Date "2019.10.14"]
[Round "3"]
[White "Daverkausen, Bernd"]
[Black "Kostanyan, Hakob"]
[Result "1-0"]
[WhiteElo "2122"]
[BlackElo "1887"]
[PlyCount "95"]
[EventDate "2019.10.12"]
[EventType "swiss"]
[EventRounds "9"]
[EventCountry "GER"]
[SourceTitle "CBM 195 Extra"]
[Source "ChessBase"]
[SourceDate "2020.05.31"]
[SourceVersion "1"]
[SourceVersionDate "2020.05.31"]
[SourceQuality "1"]

1. Nf3 Nf6 2. d4 d5 3. c4 c6 4. Qb3 dxc4 5. Qxc4 Qd5 6. Qa4 Bf5 7. Nc3 Qd8 8. g3 e6 9. Bg2 Bd6 10. 0-0 0-0 11. Bg5 Be7 12. Ne5 Nd5 13. Bxe7 Qxe7 14. Qb3 Bg6 15. e4 Nxc3 16. bxc3 Qc7 17. f4 Nd7 18. Nd3 c5 19. Qc4 Rac8 20. f5 exf5 21. exf5 Bh5 22. Nf4 Nf6 23. h3 g5 24. fxg6 b5 25. gxh7+ Kxh7 26. Qxb5 Bg6 27. Rae1 cxd4 28. cxd4 Qc3 29. Qe5 Rfe8 30. Qxf6 Rxe1 31. Qh4+ Kg8 32. Nd5 Rxf1+ 33. Bxf1 Qe1 34. Ne7+ Kg7 35. Nxc8 Qe3+ 36. Kh2 Qc1 37. Qf4 Qxc8 38. Bg2 Qc2 39. a4 Qxa4 40. h4 Qd1 41. Qe5+ Kh7 42. d5 Qg4 43. Bh3 Qf3 44. Bg2 Qg4 45. d6 Qd7 46. Qe7 Bf5 47. Be4 Kg7 48. Qe5+ 1-0

[Event "Berlin Werner Ott op"]
[Site "Berlin"]
[Date "2019.06.30"]
[Round "9"]
[White "Kostanyan, Hakob"]
[Black "Moewisch, Dave"]
[Result "1/2-1/2"]
[WhiteElo "1855"]
[BlackElo "1945"]
[PlyCount "49"]
[EventDate "2019.06.22"]
[EventType "swiss"]
[EventRounds "9"]
[EventCountry "GER"]
[SourceTitle "EXT 2022"]
[Source "ChessBase"]
[SourceDate "2021.10.06"]
[SourceVersion "1"]
[SourceVersionDate "2021.10.06"]
[SourceQuality "1"]

1. e4 c6 2. d4 d5 3. Nc3 dxe4 4. Nxe4 Bf5 5. Ng3 Bg6 6. Nf3 Nd7 7. h4 h6 8. h5 Bh7 9. Bd3 Bxd3 10. Qxd3 e6 11. Bd2 Qc7 12. c4 Ngf6 13. Bc3 Bd6 14. Ne4 Nxe4 15. Qxe4 Nf6 16. Qe2 0-0-0 17. 0-0-0 c5 18. g3 Rhe8 19. Ne5 cxd4 20. Bxd4 Bxe5 21. Bxe5 Qa5 22. Kb1 Rxd1+ 23. Rxd1 Rd8 24. Rxd8+ Qxd8 25. Bxf6 1/2-1/2

[Event "Berlin-ch QT"]
[Site "Berlin"]
[Date "2019.04.27"]
[Round "8"]
[White "Kostanyan, Hakob"]
[Black "Schuran, Sebastian"]
[Result "1/2-1/2"]
[WhiteElo "1827"]
[BlackElo "1914"]
[PlyCount "59"]
[EventDate "2019.04.20"]
[EventType "swiss"]
[EventRounds "9"]
[EventCountry "GER"]
[SourceTitle "EXT 2020"]
[Source "ChessBase"]
[SourceDate "2019.10.17"]
[SourceVersion "1"]
[SourceVersionDate "2019.10.17"]
[SourceQuality "1"]

1. e4 e6 2. d4 d5 3. Nd2 c5 4. c3 cxd4 5. cxd4 dxe4 6. Nxe4 Bb4+ 7. Nc3 Nf6 8. Nf3 Nc6 9. Bb5 0-0 10. 0-0 Qc7 11. Bd3 h6 12. Bd2 b6 13. Rc1 Qe7 14. Ne4 Bb7 15. Nxf6+ Qxf6 16. Be4 Bxd2 17. Qxd2 Na5 18. Bxb7 Nxb7 19. Ne5 Rfd8 20. Qe3 Rdc8 21. Rc3 Rxc3 22. Qxc3 Rd8 23. h3 Qf4 24. Nf3 Qd6 25. Rc1 f6 26. b4 Qd7 27. Qc6 Nd6 28. d5 exd5 29. Qxd5+ Nf7 30. Qc6 1/2-1/2

[Event "Berlin-ch QT"]
[Site "Berlin"]
[Date "2018.04.07"]
[Round "8"]
[White "Wischhoefer, Cord"]
[Black "Kostanyan, Hakob"]
[Result "1/2-1/2"]
[WhiteElo "2120"]
[BlackElo "1839"]
[PlyCount "63"]
[EventDate "2018.03.31"]
[EventType "swiss"]
[EventRounds "9"]
[EventCountry "GER"]
[SourceTitle "EXT 2020"]
[Source "ChessBase"]
[SourceDate "2019.10.17"]
[SourceVersion "1"]
[SourceVersionDate "2019.10.17"]
[SourceQuality "1"]

1. d4 Nf6 2. Nf3 d5 3. c4 c6 4. Nc3 e6 5. Bg5 Be7 6. e3 Nbd7 7. cxd5 cxd5 8. Bd3 0-0 9. 0-0 a6 10. Rc1 b6 11. Qe2 Bb7 12. Rc2 h6 13. Bf4 Nb8 14. Ne5 Bd6 15. Rfc1 Nfd7 16. Nxf7 Rxf7 17. Bxd6 Nc6 18. a3 Qf6 19. Bg3 b5 20. Qh5 b4 21. Na4 e5 22. dxe5 Ncxe5 23. Qe2 bxa3 24. bxa3 Raf8 25. Nc5 Nxc5 26. Rxc5 h5 27. Rf1 Nxd3 28. Qxd3 h4 29. Bc7 Rc8 30. Qc2 h3 31. Bg3 Rxc5 32. Qxc5 1/2-1/2

[Event "Berlin-ch QT"]
[Site "Berlin"]
[Date "2018.04.02"]
[Round "3"]
[White "Kostanyan, Hakob"]
[Black "Haenisch, Christoph"]
[Result "1-0"]
[WhiteElo "1839"]
[BlackElo "1805"]
[PlyCount "81"]
[EventDate "2018.03.31"]
[EventType "swiss"]
[EventRounds "9"]
[EventCountry "GER"]
[SourceTitle "EXT 2020"]
[Source "ChessBase"]
[SourceDate "2019.10.17"]
[SourceVersion "1"]
[SourceVersionDate "2019.10.17"]
[SourceQuality "1"]

1. e4 c6 2. d4 d5 3. Nc3 dxe4 4. Nxe4 Nd7 5. Nf3 Ngf6 6. Ng3 e6 7. Bd3 Qc7 8. c4 b6 9. Bd2 Bd6 10. Qc2 Bb7 11. 0-0-0 h6 12. Nf1 0-0-0 13. Ne3 c5 14. Bc3 cxd4 15. Nxd4 a6 16. h4 Nc5 17. Rhe1 Nxd3+ 18. Qxd3 Ne4 19. Re2 Bf4 20. g3 Nxc3 21. Qxc3 Be5 22. Red2 Bf3 23. Re1 Qc5 24. Nec2 Bh5 25. f4 Bf6 26. b4 Qc7 27. Re3 g5 28. Qa3 Kb7 29. c5 Bxd4 30. Nxd4 gxf4 31. c6+ Kb8 32. gxf4 Rxd4 33. Rxd4 Qxc6+ 34. Qc3 Qh1+ 35. Re1 Qxh4 36. Rc4 Rd8 37. Qe5+ Ka8 38. Rc7 Bg6 39. Qe3 Qf6 40. Qf3+ Rd5 41. Qxd5+ 1-0

[Event "GER-chT U14"]
[Site "Verden an der Aller"]
[Date "2017.12.29"]
[Round "5.1"]
[White "Kostanyan, Hakob"]
[Black "Sehmsdorf, Johann"]
[Result "1-0"]
[WhiteElo "1847"]
[BlackElo "1575"]
[PlyCount "107"]
[EventDate "2017.12.26"]
[EventType "team-swiss"]
[EventRounds "7"]
[EventCountry "GER"]
[SourceTitle "CBM 182 Extra"]
[Source "ChessBase"]
[SourceDate "2018.02.23"]
[SourceVersion "1"]
[SourceVersionDate "2018.02.23"]
[SourceQuality "1"]
[WhiteTeam "Weisse Dame"]
[BlackTeam "Dresden Striesen"]
[WhiteTeamCountry "GER"]
[BlackTeamCountry "GER"]

1. e4 e6 2. d4 d5 3. Nd2 Nf6 4. e5 Nfd7 5. Bd3 c5 6. c3 Nc6 7. Ne2 a6 8. f4 b5 9. 0-0 Qb6 10. Nf3 Bb7 11. Be3 Be7 12. a3 a5 13. Qe1 0-0-0 14. f5 cxd4 15. cxd4 Ndxe5 16. Nxe5 Nxe5 17. Bxb5 Qxb5 18. dxe5 Rhf8 19. Nd4 Qa6 20. b4 Rd7 21. b5 Qa8 22. Rc1+ Kb8 23. fxe6 fxe6 24. Nc6+ Bxc6 25. bxc6 Rc7 26. Rxf8+ Bxf8 27. Qf1 Bxa3 28. Rb1+ Kc8 29. Rb3 Be7 30. Qf7 Qxc6 31. Rb6 Qd7 32. Qg8+ Bd8 33. Rd6 Qe7 34. h3 Rd7 35. Rxe6 Qf7 36. Qxf7 Rxf7 37. Ra6 Re7 38. e6 Bc7 39. Bg5 Re8 40. Ra8+ Bb8 41. Bf4 Rxe6 42. Rxb8+ Kd7 43. Rb7+ Kc6 44. Rxg7 a4 45. Rxh7 Kb5 46. Rb7+ Kc4 47. Ra7 Kb3 48. h4 a3 49. h5 a2 50. h6 Re1+ 51. Kh2 a1Q 52. Rxa1 Rxa1 53. h7 Ra8 54. Be5 1-0

[Event "Berlin Lichtenrade op 13th"]
[Site "Berlin"]
[Date "2017.11.05"]
[Round "9"]
[White "Behrmann, Joachim"]
[Black "Kostanyan, Hakob"]
[Result "1-0"]
[WhiteElo "2228"]
[BlackElo "1857"]
[PlyCount "133"]
[EventDate "2017.10.28"]
[EventType "swiss"]
[EventRounds "9"]
[EventCountry "GER"]
[SourceTitle "CBM 181 Extra"]
[Source "ChessBase"]
[SourceDate "2017.12.12"]
[SourceVersion "1"]
[SourceVersionDate "2017.12.12"]
[SourceQuality "1"]

1. d4 Nf6 2. c4 g6 3. Nc3 Bg7 4. e4 d6 5. f4 0-0 6. Nf3 Na6 7. Be2 c5 8. d5 Nc7 9. 0-0 a6 10. a4 Rb8 11. a5 b5 12. axb6 Rxb6 13. h3 e6 14. e5 Nfe8 15. Kh1 Bd7 16. Ra2 exd5 17. cxd5 Bb5 18. Be3 Rb7 19. Bxb5 axb5 20. exd6 Nxd6 21. Bxc5 Nf5 22. Re1 Bxc3 23. bxc3 Re8 24. Rxe8+ Qxe8 25. g4 Ng7 26. Qd3 Qd7 27. Rd2 Na6 28. Be3 Qd6 29. Ne5 b4 30. c4 b3 31. Rb2 Qa3 32. Qc3 Ne8 33. Nd3 Nd6 34. Qd4 Nb4 35. Nxb4 Rxb4 36. Qf6 Rxc4 37. Bd4 Qa1+ 38. Kh2 Rxd4 39. Qxd4 Nc4 40. d6 Nxd6 41. Rd2 Qxd4 42. Rxd4 b2 43. Rb4 Nc4 44. Rb8+ Kg7 45. g5 f5 46. Rb7+ Kf8 47. Kg1 Ke8 48. Kf2 Kd8 49. Ke2 Kc8 50. Rb4 Kd7 51. Kd3 Nd6 52. Rxb2 Kc7 53. Kd4 Ne4 54. Ke5 Ng3 55. Ra2 Kb7 56. Rc2 Ne4 57. Ke6 Ng3 58. Kf7 Nh5 59. Rf2 Kc6 60. Kg8 Kd5 61. Kxh7 Ke4 62. Kxg6 Ng3 63. h4 Ke3 64. Ra2 Kxf4 65. h5 Ne4 66. Ra4 Ke5 67. Ra5+ 1-0

[Event "Berlin Lichtenrade op 13th"]
[Site "Berlin"]
[Date "2017.10.29"]
[Round "2"]
[White "Kostanyan, Hakob"]
[Black "Knudsen, Jesper"]
[Result "1/2-1/2"]
[WhiteElo "1857"]
[BlackElo "2081"]
[PlyCount "196"]
[EventDate "2017.10.28"]
[EventType "swiss"]
[EventRounds "9"]
[EventCountry "GER"]
[SourceTitle "CBM 181 Extra"]
[Source "ChessBase"]
[SourceDate "2017.12.12"]
[SourceVersion "1"]
[SourceVersionDate "2017.12.12"]
[SourceQuality "1"]

1. e4 c5 2. Ne2 d6 3. g3 Nc6 4. Bg2 g6 5. c3 Bg7 6. 0-0 e6 7. d4 cxd4 8. cxd4 Nge7 9. Nbc3 0-0 10. Be3 Qa5 11. a4 d5 12. exd5 exd5 13. Qb3 Be6 14. Rfd1 Qb4 15. Qc2 Rac8 16. Qd3 Qd6 17. Bf4 Qd7 18. Nb5 Nf5 19. Qa3 Rfe8 20. Bf3 a6 21. Nd6 Nxd6 22. Qxd6 Qxd6 23. Bxd6 Bf5 24. Bc5 Be4 25. Bxe4 dxe4 26. Ra3 Rcd8 27. b4 Ne5 28. Rc3 g5 29. Kg2 Nf3 30. Re3 f5 31. d5 Be5 32. d6 Re6 33. Rd5 Kf7 34. a5 Rd7 35. Nc3 Kg6 36. Na4 Bxd6 37. Nb6 Rd8 38. Rc3 Bc7 39. Nd7 Bd6 40. Nb6 Bc7 41. Nd7 Bd6 42. Nb6 Ne5 43. Bd4 Nc6 44. Rc4 Bc7 45. Nd7 Rd6 46. Ne5+ Nxe5 47. Rxe5 R8d7 48. Be3 Bd8 49. Rc3 Rf7 50. Rc8 f4 51. Bc5 Rdd7 52. Rxe4 fxg3 53. hxg3 Be7 54. Rg8+ Kf5 55. Rc4 Rd5 56. g4+ Ke6 57. Re4+ Re5 58. Re3 Rxe3 59. fxe3 Bxc5 60. bxc5 Kf6 61. Rc8 Ke5 62. c6 Kd6 63. cxb7 Rxb7 64. Ra8 Ke5 65. Kf3 Rf7+ 66. Ke2 Rf6 67. Ra7 h6 68. Re7+ Kd6 69. Re4 Kd5 70. Kd3 Rf1 71. Rd4+ Ke5 72. Rc4 Rd1+ 73. Kc2 Rd5 74. Ra4 Rb5 75. Kd3 Rb3+ 76. Ke2 Rb5 77. Kf3 Kf6 78. Ke4 Kg6 79. Kf3 h5 80. gxh5+ Kxh5 81. Kg3 Rb3 82. Kf3 Rb5 83. Kg3 Rf5 84. e4 Re5 85. Kf3 Kg6 86. Kg4 Kf6 87. Kf3 Ke6 88. Kg4 Kd6 89. Ra1 Rxe4+ 90. Kxg5 Kc5 91. Kf5 Rb4 92. Ke5 Kb5 93. Kd5 Ra4 94. Rb1+ Kxa5 95. Kc5 Ra2 96. Rb4 Rh2 97. Rb1 Rh5+ 98. Kc6 Rh6+ 1/2-1/2

[Event "Berlin Werner Ott op"]
[Site "Berlin"]
[Date "2017.07.19"]
[Round "5"]
[White "Kostanyan, Hakob"]
[Black "Boettcher, Patrick"]
[Result "0-1"]
[WhiteElo "1725"]
[BlackElo "2104"]
[PlyCount "52"]
[EventDate "2017.07.15"]
[EventType "swiss"]
[EventRounds "9"]
[EventCountry "GER"]
[SourceTitle "EXT 2019"]
[Source "ChessBase"]
[SourceDate "2018.10.10"]
[SourceVersion "1"]
[SourceVersionDate "2018.10.10"]
[SourceQuality "1"]

1. e4 c5 2. Nf3 e6 3. d4 cxd4 4. Nxd4 Nc6 5. Nc3 Qc7 6. Be3 a6 7. Qd2 Nf6 8. f3 h5 9. Be2 Be7 10. g4 hxg4 11. Bf4 e5 12. Nxc6 dxc6 13. Bg3 gxf3 14. Bxf3 Be6 15. 0-0-0 Nd7 16. h4 g6 17. Qe2 0-0-0 18. Bg4 f5 19. Bf3 f4 20. Bf2 Qa5 21. Kb1 Bb4 22. Nd5 cxd5 23. exd5 Bf5 24. Qc4+ Kb8 25. a3 Bxa3 26. bxa3 Rc8 0-1

[Event "GER-ch U25-A"]
[Site "Willingen"]
[Date "2017.06.07"]
[Round "6"]
[White "Wuebker, Paul Luca"]
[Black "Kostanyan, Hakob"]
[Result "1-0"]
[WhiteElo "1909"]
[BlackElo "1668"]
[PlyCount "71"]
[EventDate "2017.06.04"]
[EventType "swiss"]
[EventRounds "9"]
[EventCountry "GER"]
[SourceTitle "CBM 178 Extra"]
[Source "ChessBase"]
[SourceDate "2017.06.22"]
[SourceVersion "1"]
[SourceVersionDate "2017.06.22"]
[SourceQuality "1"]

1. d4 Nf6 2. c4 g6 3. Nc3 Bg7 4. e4 0-0 5. Bd3 d6 6. Nge2 e5 7. d5 c5 8. f3 Nh5 9. Be3 f5 10. Qd2 Na6 11. 0-0-0 Bd7 12. Rdg1 f4 13. Bf2 Nc7 14. g3 a6 15. gxf4 exf4 16. h4 b5 17. Rg5 bxc4 18. Bxc4 Nb5 19. Rhg1 Kh8 20. Na4 Na3 21. Bb3 Nc4 22. Bxc4 Bxa4 23. Be1 Bb5 24. Rxh5 gxh5 25. Bxb5 axb5 26. Nxf4 Rf7 27. Ne6 Qe7 28. a3 c4 29. Qe3 c3 30. Bxc3 Bxc3 31. Qxc3+ Qf6 32. Qc6 Rxa3 33. Qc8+ Rf8 34. Nxf8 Ra1+ 35. Kc2 Rxg1 36. Nd7+ 1-0

[Event "GER-ch U25-A"]
[Site "Willingen"]
[Date "2017.06.06"]
[Round "4"]
[White "Erofeev, Anastasia"]
[Black "Kostanyan, Hakob"]
[Result "1-0"]
[WhiteElo "1874"]
[BlackElo "1668"]
[PlyCount "71"]
[EventDate "2017.06.04"]
[EventType "swiss"]
[EventRounds "9"]
[EventCountry "GER"]
[SourceTitle "CBM 178 Extra"]
[Source "ChessBase"]
[SourceDate "2017.06.22"]
[SourceVersion "1"]
[SourceVersionDate "2017.06.22"]
[SourceQuality "1"]

1. d4 Nf6 2. c4 g6 3. g3 Bg7 4. Bg2 0-0 5. Nf3 d6 6. 0-0 Nc6 7. Nc3 e5 8. e4 Bg4 9. dxe5 Nxe5 10. Qe2 Nfd7 11. Bf4 Nxf3+ 12. Bxf3 Bxc3 13. Bxg4 Be5 14. Be3 Nc5 15. Rad1 Qf6 16. f4 Bxb2 17. e5 Bxe5 18. Bxc5 dxc5 19. fxe5 Qg5 20. e6 f5 21. Bf3 Rae8 22. Bxb7 Qf6 23. Rd7 Re7 24. Rxe7 Qxe7 25. Rd1 f4 26. g4 Qf6 27. Kg2 Kg7 28. Rd7+ Kh6 29. Qf3 Qb2+ 30. Kg1 Qc1+ 31. Rd1 Qxc4 32. Qh3+ Kg5 33. Rd5+ Kf6 34. g5+ Ke7 35. Qxh7+ Kxe6 36. Qd7# 1-0

[Event "Berlin-ch QT"]
[Site "Berlin"]
[Date "2017.04.16"]
[Round "8"]
[White "Kostanyan, Hakob"]
[Black "Mahler, Sonja"]
[Result "1-0"]
[WhiteElo "1643"]
[BlackElo "1546"]
[PlyCount "61"]
[EventDate "2017.04.09"]
[EventType "swiss"]
[EventRounds "9"]
[EventCountry "GER"]
[SourceTitle "CBM 189 Extra"]
[Source "ChessBase"]
[SourceDate "2019.06.03"]
[SourceVersion "1"]
[SourceVersionDate "2019.06.03"]
[SourceQuality "1"]

1. e4 c6 2. d4 d6 3. Nc3 h6 4. f4 Qb6 5. Nf3 e6 6. Be2 Be7 7. 0-0 Nd7 8. Na4 Qc7 9. c4 a6 10. Be3 Ngf6 11. Nc3 Nh7 12. h3 Ndf8 13. d5 c5 14. b4 Bf6 15. e5 dxe5 16. d6 Qd8 17. fxe5 Bg5 18. Bxc5 Nd7 19. Bf2 Bf4 20. Qd4 g5 21. g3 g4 22. hxg4 Rg8 23. Qxf4 Ng5 24. Nxg5 Nxe5 25. Nxf7 Nxf7 26. Bc5 Qd7 27. Ne4 Rg6 28. Nf6+ Rxf6 29. Qxf6 b6 30. g5 bxc5 31. g6 1-0

[Event "GER-ch U12"]
[Site "Willingen"]
[Date "2016.05.20"]
[Round "9"]
[White "Roehr, Oliver"]
[Black "Kostanyan, Hakob"]
[Result "1-0"]
[WhiteElo "1627"]
[BlackElo "1546"]
[PlyCount "73"]
[EventDate "2016.05.15"]
[EventType "swiss"]
[EventRounds "11"]
[EventCountry "GER"]
[SourceTitle "CBM 172 Extra"]
[Source "ChessBase"]
[SourceDate "2016.06.21"]
[SourceVersion "1"]
[SourceVersionDate "2016.06.21"]
[SourceQuality "1"]

1. e4 d6 2. d4 Nf6 3. Nc3 g6 4. Bc4 Bg7 5. Nf3 0-0 6. 0-0 c6 7. a3 b5 8. Ba2 Nbd7 9. Bg5 Bb7 10. Qd2 Qc7 11. Bh6 a6 12. Bxg7 Kxg7 13. Ng5 c5 14. Bxf7 Qc6 15. Bd5 Qc8 16. Ne6+ Kh8 17. Nxf8 Nxf8 18. Bxb7 Qxb7 19. e5 Nh5 20. exd6 exd6 21. dxc5 dxc5 22. Qd5 Qxd5 23. Nxd5 Ne6 24. Rfe1 Nd4 25. Rac1 Rd8 26. Nc7 Nf4 27. Kf1 a5 28. g3 Nh3 29. Re8+ Rxe8 30. Nxe8 Ng5 31. c3 Ndf3 32. Kg2 Nd2 33. b4 axb4 34. axb4 c4 35. Nd6 Nb3 36. Rc2 Kg7 37. Nxb5 1-0

[Event "Berlin Spandau op 1st"]
[Site "Berlin"]
[Date "2015.12.29"]
[Round "4"]
[White "Francke, Joerg"]
[Black "Kostanyan, Hakob"]
[Result "1-0"]
[WhiteElo "1985"]
[BlackElo "1621"]
[PlyCount "73"]
[EventDate "2015.12.27"]
[EventType "swiss"]
[EventRounds "7"]
[EventCountry "GER"]
[SourceTitle "EXT 2022"]
[Source "ChessBase"]
[SourceDate "2021.10.06"]
[SourceVersion "1"]
[SourceVersionDate "2021.10.06"]
[SourceQuality "1"]

1. Nf3 Nf6 2. d4 g6 3. Nbd2 Bg7 4. e4 d6 5. h3 Nbd7 6. Bc4 0-0 7. 0-0 c6 8. Re1 e6 9. Bb3 Qe7 10. Nf1 a5 11. c3 e5 12. Bg5 Rd8 13. Qd2 Nf8 14. d5 c5 15. a4 b6 16. Ng3 Qb7 17. Bc4 Bd7 18. Qd3 Rdb8 19. Bb5 Ne8 20. c4 Bxb5 21. cxb5 f6 22. Be3 Qf7 23. Nd2 Nd7 24. Nc4 Bf8 25. Rad1 Ng7 26. f4 Qe7 27. Bc1 Ne8 28. f5 Ng7 29. Qf3 Qf7 30. Qg4 Be7 31. fxg6 Qe8 32. gxh7+ Kxh7 33. Nf5 Nxf5 34. Qxf5+ Kg7 35. Rd3 Nf8 36. Rg3+ Kh8 37. Bh6 1-0

[Event "Berlin Spandau op 1st"]
[Site "Berlin"]
[Date "2015.12.28"]
[Round "3"]
[White "Kostanyan, Hakob"]
[Black "Warnke, Klaus"]
[Result "1-0"]
[WhiteElo "1621"]
[BlackElo "1700"]
[PlyCount "81"]
[EventDate "2015.12.27"]
[EventType "swiss"]
[EventRounds "7"]
[EventCountry "GER"]
[SourceTitle "EXT 2022"]
[Source "ChessBase"]
[SourceDate "2021.10.06"]
[SourceVersion "1"]
[SourceVersionDate "2021.10.06"]
[SourceQuality "1"]

1. e4 d5 2. exd5 Qxd5 3. Nf3 Nf6 4. d4 Bg4 5. Be2 e6 6. c4 Qh5 7. Nc3 c6 8. h3 Nbd7 9. Bf4 Be7 10. Qb3 Nb6 11. 0-0-0 Bxf3 12. Bxf3 Qf5 13. Bh2 0-0 14. h4 Ng4 15. Bg3 Rfd8 16. Rhe1 Rd7 17. Re4 Nf6 18. Re5 Qg6 19. c5 Nbd5 20. Nxd5 Nxd5 21. Bxd5 cxd5 22. Qe3 b6 23. b4 bxc5 24. dxc5 Bf6 25. h5 Qg4 26. Rd4 Qxd4 27. Qxd4 Bxe5 28. Qxe5 Rb7 29. Qc3 a5 30. Qa3 Rxb4 31. Be5 f6 32. Bd6 e5 33. Kd2 e4 34. c6 Rd4+ 35. Ke2 Kf7 36. Qc5 Rd3 37. c7 Rc8 38. Qc6 Ke6 39. Bc5+ Ke5 40. Qd6+ Kf5 41. Qd7+ 1-0

[Event "GER-ch U25 op-B"]
[Site "Willingen"]
[Date "2015.05.24"]
[Round "1"]
[White "Zimmer, Claudius"]
[Black "Kostanyan, Hakob"]
[Result "1-0"]
[WhiteElo "1105"]
[BlackElo "1455"]
[PlyCount "73"]
[EventDate "2015.05.24"]
[EventType "swiss"]
[EventRounds "9"]
[EventCountry "GER"]
[SourceTitle "CBM 166 Extra"]
[Source "ChessBase"]
[SourceDate "2015.06.18"]
[SourceVersion "1"]
[SourceVersionDate "2015.06.18"]
[SourceQuality "1"]

1. e4 c5 2. Nf3 d6 3. d4 cxd4 4. Nxd4 Nf6 5. Nc3 a6 6. Bc4 b5 7. Bb3 Bb7 8. f3 Nbd7 9. 0-0 Rc8 10. Nf5 Nc5 11. Nd5 Nxd5 12. Bxd5 Bxd5 13. exd5 Qd7 14. Ng3 e6 15. Re1 Be7 16. dxe6 Nxe6 17. Nf5 0-0 18. Nxe7+ Qxe7 19. Bf4 Qa7+ 20. Be3 Qc7 21. c3 Rfd8 22. Qd3 Rb8 23. Rec1 a5 24. b4 axb4 25. cxb4 Qe7 26. Qb3 Qb7 27. a4 bxa4 28. Rxa4 d5 29. Rd1 d4 30. Bf2 Nc5 31. Qa3 Nxa4 32. Qxa4 Qxb4 33. Qa1 d3 34. Qc1 d2 35. Qc2 Rbc8 36. Qe4 Re8 37. Qxb4 1-0

[Event "Berlin Eckbauer op 17th"]
[Site "Berlin"]
[Date "2014.11.03"]
[Round "4"]
[White "Kostanyan, Hakob"]
[Black "Scharkowski, Albrecht"]
[Result "0-1"]
[WhiteElo "1552"]
[BlackElo "1645"]
[PlyCount "124"]
[EventDate "2014.10.06"]
[EventType "swiss"]
[EventRounds "7"]
[EventCountry "GER"]
[SourceTitle "EXT 2022"]
[Source "ChessBase"]
[SourceDate "2021.10.06"]
[SourceVersion "1"]
[SourceVersionDate "2021.10.06"]
[SourceQuality "1"]

1. e4 d6 2. d4 Nf6 3. Nc3 c6 4. Nf3 Qa5 5. Bd2 Qc7 6. Bd3 Bg4 7. h3 Bh5 8. Qe2 e6 9. 0-0-0 Be7 10. Kb1 d5 11. e5 Nfd7 12. g4 Bg6 13. Bxg6 hxg6 14. h4 Na6 15. h5 gxh5 16. gxh5 0-0-0 17. Rdg1 Rdg8 18. Qd3 Qd8 19. Ne2 c5 20. dxc5 Ndxc5 21. Qc3 Kb8 22. Be3 Ne4 23. Qb3 Nac5 24. Bxc5 Bxc5 25. Qa4 Bxf2 26. Rg2 Be3 27. Qb3 Bb6 28. Ned4 Qd7 29. Qe3 Qe7 30. Rhg1 f6 31. Qf4 Bc7 32. exf6 Nxf6 33. Qe3 Ne4 34. Ng5 e5 35. Nf5 Qd7 36. Nxe4 Qxf5 37. Ng3 Qe6 38. b3 Bb6 39. Qg5 Bxg1 40. Rxg1 Qf6 41. Nf5 Qxg5 42. Rxg5 Rh7 43. Ne7 Re8 44. Rxe5 Rhh8 45. Kb2 d4 46. c4 dxc3+ 47. Kxc3 Kc7 48. Kd4 Kd7 49. Rd5+ Kxe7 50. Rc5 Rd8+ 51. Ke4 Rd7 52. Rg5 Kd6 53. Kf5 Rh6 54. b4 Re7 55. Kf4 Rf6+ 56. Kg3 Ref7 57. Rc5 Rf5 58. Rc1 Rxh5 59. Kg4 Rhf5 60. Kh4 Rf4+ 61. Kh5 Rxb4 62. Kg6 Rbf4 0-1